[Event "Hessen-ch Seniors op 08th"]
[Site "Bad Sooden-Allendorf"]
[Date "2012.04.14"]
[Round "1"]
[White "Lippmann, Ulrich"]
[Black "Bakhmatov, Eduard"]
[Result "0-1"]
[WhiteElo "2075"]
[BlackElo "2327"]
[PlyCount "83"]
[EventDate "2012.04.14"]
[EventType "swiss"]
[EventRounds "9"]
[EventCountry "GER"]
[SourceTitle "EXT 2019"]
[Source "ChessBase"]
[SourceDate "2018.10.10"]
[SourceVersion "1"]
[SourceVersionDate "2018.10.10"]
[SourceQuality "1"]

1. Nf3 Nf6 2. b3 g6 3. Bb2 Bg7 4. e3 0-0 5. Be2 d6 6. d4 Nbd7 7. 0-0 e5 8. dxe5 Ng4 9. Nbd2 Ndxe5 10. Nxe5 Nxe5 11. Rb1 b6 12. Nf3 Bb7 13. Nxe5 dxe5 14. Qxd8 Rfxd8 15. Rfd1 Be4 16. Bd3 Bxd3 17. cxd3 Rd5 18. Kf1 a5 19. Rbc1 c5 20. a4 f5 21. Ke2 Rad8 22. e4 R5d7 23. Rb1 Kf7 24. f3 Ke6 25. Bc1 h5 26. Be3 Bf6 27. Rbc1 g5 28. h3 Rg8 29. Rf1 Rdg7 30. g3 f4 31. Bf2 fxg3 32. Bxg3 Rb7 33. Be1 Be7 34. Bf2 Rc8 35. Rc3 b5 36. Ra1 bxa4 37. Rxa4 Rb5 38. Rac4 Rb4 39. d4 exd4 40. Bxd4 cxd4 41. Rxc8 dxc3 42. Rxc3 0-1

[Event "GER-ch Seniors 23rd"]
[Site "Halle"]
[Date "2011.08.08"]
[Round "4"]
[White "Lippmann, Ulrich"]
[Black "Just, Gabriele"]
[Result "1-0"]
[WhiteElo "2078"]
[BlackElo "1924"]
[PlyCount "111"]
[EventDate "2011.08.05"]
[EventType "swiss"]
[EventRounds "9"]
[EventCountry "GER"]
[SourceTitle "CBM 144 Extra"]
[Source "ChessBase"]
[SourceDate "2011.10.28"]
[SourceVersion "1"]
[SourceVersionDate "2011.10.28"]
[SourceQuality "1"]

1. Nf3 f5 2. b3 Nf6 3. Bb2 e6 4. c4 d6 5. d4 Be7 6. Nbd2 0-0 7. e3 a5 8. Be2 Qe8 9. 0-0 Nbd7 10. Qc2 Qh5 11. Rfe1 Qh6 12. h3 Re8 13. Rad1 Nf8 14. e4 fxe4 15. Nxe4 Nxe4 16. Qxe4 Bg5 17. Nxg5 Qxg5 18. Rd3 Ng6 19. Bc1 Qf6 20. Bh5 e5 21. Rf3 Qe6 22. d5 Qe7 23. Bxg6 hxg6 24. Qxg6 Rf8 25. Bg5 Qe8 26. Qxe8 Rxe8 27. Ree3 Bd7 28. g4 Rf8 29. Kg2 Be8 30. h4 Rxf3 31. Kxf3 Bg6 32. Ke2 Bb1 33. a3 Ba2 34. Rc3 a4 35. b4 Rf8 36. Be3 Rf7 37. b5 b6 38. Rc1 Bb3 39. Kd3 Kf8 40. Ke4 Ke8 41. f4 exf4 42. Bxf4 Re7+ 43. Kf3 Kd7 44. h5 Rf7 45. g5 Ke8 46. g6 Re7 47. h6 gxh6 48. Bxh6 Re5 49. Kg4 Re2 50. g7 Rg2+ 51. Kh5 Ke7 52. Re1+ Kd7 53. Bg5 Rh2+ 54. Kg4 Rg2+ 55. Kh4 Rh2+ 56. Kg3 1-0

[Event "GER-ch Seniors 23rd"]
[Site "Halle"]
[Date "2011.08.05"]
[Round "1"]
[White "Berndt, Wolfgang"]
[Black "Lippmann, Ulrich"]
[Result "1-0"]
[WhiteElo "1839"]
[BlackElo "2078"]
[PlyCount "49"]
[EventDate "2011.08.05"]
[EventType "swiss"]
[EventRounds "9"]
[EventCountry "GER"]
[SourceTitle "CBM 144 Extra"]
[Source "ChessBase"]
[SourceDate "2011.10.28"]
[SourceVersion "1"]
[SourceVersionDate "2011.10.28"]
[SourceQuality "1"]

1. e4 e5 2. Nf3 d5 3. d4 dxe4 4. Nxe5 Bd6 5. Nc4 Be7 6. Nc3 Nf6 7. Be2 0-0 8. 0-0 Nc6 9. Be3 Bf5 10. f3 Nd5 11. fxe4 Nxc3 12. bxc3 Bxe4 13. Bf3 Qd5 14. Nd2 Bxf3 15. Rxf3 Rad8 16. Qf1 Bg5 17. Bxg5 Qxg5 18. Qd3 Qe7 19. Re3 Qd7 20. Rf1 a6 21. Ne4 Na5 22. Rg3 Kh8 23. Nf6 gxf6 24. Rxf6 Qe7 25. Rh3 1-0

[Event "Niedersachsen-ch Seniors op 13th"]
[Site "Bad Bevensen"]
[Date "2010.07.08"]
[Round "3"]
[White "Lippmann, Ulrich"]
[Black "Vaskovitch, Mark"]
[Result "0-1"]
[WhiteElo "1907"]
[BlackElo "1777"]
[PlyCount "86"]
[EventDate "2010.07.06"]
[EventType "swiss"]
[EventRounds "9"]
[EventCountry "GER"]
[SourceTitle "EXT 2012"]
[Source "ChessBase"]
[SourceDate "2011.11.24"]
[SourceVersion "1"]
[SourceVersionDate "2011.11.24"]
[SourceQuality "1"]

1. Nf3 b6 2. b3 Bb7 3. e3 e6 4. Bb2 Nf6 5. Be2 Be7 6. 0-0 0-0 7. c4 c5 8. d4 cxd4 9. exd4 d5 10. Nbd2 Nbd7 11. Rc1 Rc8 12. Ne5 dxc4 13. Ndxc4 Ne8 14. Bf3 Bxf3 15. Qxf3 Ndf6 16. Nc6 Qc7 17. Nxe7+ Qxe7 18. Ba3 Qd8 19. Bxf8 Kxf8 20. Rcd1 Nd5 21. Rfe1 Ndf6 22. Qd3 Rc6 23. Re2 g6 24. Rc2 Nd5 25. a3 Qg5 26. Ne3 Nf4 27. Qf1 Rd6 28. Rc4 Kg7 29. g3 Nd5 30. Nxd5 Rxd5 31. f4 Qf5 32. Qe2 Nd6 33. Rc6 Nb5 34. a4 Nxd4 35. Rxd4 Rxd4 36. Qb2 Qf6 37. Qc2 Qd8 38. Qc3 Kh6 39. Qf3 Rd2 40. Rc3 Qd4+ 41. Qe3 Rd1+ 42. Kg2 Qd5+ 43. Qf3 Rd2+ 0-1

[Event "Niedersachsen-ch Seniors 42th"]
[Site "Sottrum"]
[Date "2008.04.18"]
[Round "9"]
[White "Lippmann, Ulrich"]
[Black "Stecklina, Otto"]
[Result "1/2-1/2"]
[WhiteElo "1852"]
[BlackElo "1800"]
[PlyCount "52"]
[EventDate "2008.04.10"]
[EventType "swiss"]
[EventRounds "9"]
[EventCountry "GER"]
[SourceTitle "EXT 2022"]
[Source "ChessBase"]
[SourceDate "2021.10.06"]
[SourceVersion "1"]
[SourceVersionDate "2021.10.06"]
[SourceQuality "1"]

1. Nf3 Nf6 2. b3 d5 3. Bb2 c5 4. e3 Nc6 5. d4 e6 6. Be2 Be7 7. 0-0 0-0 8. Nbd2 b6 9. c4 cxd4 10. exd4 Bb7 11. Rc1 Rc8 12. Ne5 Nxe5 13. dxe5 Ne4 14. Nxe4 dxe4 15. Qxd8 Rfxd8 16. Rcd1 Bc5 17. Rfe1 Bb4 18. Rxd8+ Rxd8 19. Rd1 Rxd1+ 20. Bxd1 Bc5 21. Kf1 Kf8 22. Ke2 Ke7 23. Bc3 a5 24. Bd2 f6 25. exf6+ gxf6 26. Be3 Kd6 1/2-1/2

[Event "Niedersachsen-ch Seniors op 10th"]
[Site "Bad Bevensen"]
[Date "2007.07.11"]
[Round "9"]
[White "Lippmann, Ulrich"]
[Black "Fritsch, Wolfgang"]
[Result "1/2-1/2"]
[WhiteElo "1851"]
[BlackElo "1796"]
[PlyCount "53"]
[EventDate "2007.07.03"]
[EventType "swiss"]
[EventRounds "9"]
[EventCountry "GER"]
[SourceTitle "EXT 2022"]
[Source "ChessBase"]
[SourceDate "2021.10.06"]
[SourceVersion "1"]
[SourceVersionDate "2021.10.06"]
[SourceQuality "1"]

1. Nf3 Nf6 2. b3 g6 3. Bb2 Bg7 4. c4 0-0 5. e3 d6 6. d4 Nbd7 7. Be2 Re8 8. 0-0 c6 9. Nc3 Qc7 10. Rc1 e5 11. Qc2 Nf8 12. dxe5 dxe5 13. Rfd1 Bf5 14. e4 Bg4 15. h3 Bxf3 16. Bxf3 Ne6 17. Qd2 Rad8 18. Qe3 Nd4 19. g3 Nxf3+ 20. Qxf3 Rxd1+ 21. Rxd1 Rd8 22. Rd3 Rxd3 23. Qxd3 Qd7 24. Qxd7 Nxd7 25. Kf1 Bf8 26. Ke2 f6 27. f4 1/2-1/2

[Event "Niedersachsen-ch Seniors op 10th"]
[Site "Bad Bevensen"]
[Date "2007.07.08"]
[Round "6"]
[White "Fries, Karl Heinz"]
[Black "Lippmann, Ulrich"]
[Result "0-1"]
[WhiteElo "1632"]
[BlackElo "1851"]
[PlyCount "56"]
[EventDate "2007.07.03"]
[EventType "swiss"]
[EventRounds "9"]
[EventCountry "GER"]
[SourceTitle "EXT 2022"]
[Source "ChessBase"]
[SourceDate "2021.10.06"]
[SourceVersion "1"]
[SourceVersionDate "2021.10.06"]
[SourceQuality "1"]

1. e4 e5 2. Nf3 d5 3. Nxe5 Bd6 4. Ng4 dxe4 5. Nc3 f5 6. Ne3 Be6 7. d4 Nf6 8. d5 Bd7 9. Nb5 Be5 10. a4 0-0 11. c4 f4 12. Nc2 a5 13. Be2 Na6 14. Ncd4 c6 15. dxc6 bxc6 16. Nc3 Qb6 17. Nc2 Nc5 18. 0-0 Rad8 19. Qe1 Bf5 20. b4 axb4 21. Rb1 b3 22. Ba3 e3 23. a5 Qxa5 24. Bb4 Qb6 25. Ra1 bxc2 26. Ba5 Qb8 27. Qc1 Bxc3 28. Ra3 Bb2 0-1

[Event "Niedersachsen-ch Seniors op 10th"]
[Site "Bad Bevensen"]
[Date "2007.07.05"]
[Round "3"]
[White "Lippmann, Ulrich"]
[Black "Hoose, Hannelore"]
[Result "1/2-1/2"]
[WhiteElo "1851"]
[BlackElo "1552"]
[PlyCount "27"]
[EventDate "2007.07.03"]
[EventType "swiss"]
[EventRounds "9"]
[EventCountry "GER"]
[SourceTitle "EXT 2022"]
[Source "ChessBase"]
[SourceDate "2021.10.06"]
[SourceVersion "1"]
[SourceVersionDate "2021.10.06"]
[SourceQuality "1"]

1. Nf3 e6 2. b3 d5 3. Bb2 Nf6 4. d4 c6 5. e3 Nbd7 6. Be2 a6 7. 0-0 Qc7 8. Nc3 b6 9. Nd2 Bd6 10. h3 0-0 11. Rc1 Bb7 12. Nf3 Ne4 13. Re1 Nxc3 14. Bxc3 1/2-1/2

[Event "Niedersachsen-ch Seniors op 10th"]
[Site "Bad Bevensen"]
[Date "2007.07.03"]
[Round "1"]
[White "Lippmann, Ulrich"]
[Black "Graffenberger, Wilhelm"]
[Result "1/2-1/2"]
[WhiteElo "1851"]
[BlackElo "1556"]
[PlyCount "72"]
[EventDate "2007.07.03"]
[EventType "swiss"]
[EventRounds "9"]
[EventCountry "GER"]
[SourceTitle "EXT 2022"]
[Source "ChessBase"]
[SourceDate "2021.10.06"]
[SourceVersion "1"]
[SourceVersionDate "2021.10.06"]
[SourceQuality "1"]

1. Nf3 Nc6 2. g3 e5 3. Nc3 Nf6 4. d3 d5 5. Bg5 Be7 6. Bg2 h6 7. Bxf6 Bxf6 8. e4 d4 9. Nd5 0-0 10. 0-0 Be6 11. Nxf6+ Qxf6 12. Nd2 Qe7 13. f4 Qb4 14. f5 Bd7 15. Qc1 f6 16. Bf3 Be8 17. a3 Qe7 18. b4 Nd8 19. Nb3 b6 20. Qd1 Bf7 21. Bh5 Bxh5 22. Qxh5 Rc8 23. Nd2 c5 24. b5 Nf7 25. a4 Nd6 26. Rfc1 c4 27. Qe2 Qf7 28. c3 cxd3 29. Qxd3 Rxc3 30. Rxc3 dxc3 31. Qxc3 Rc8 32. Qd3 Qc7 33. Rb1 Qc5+ 34. Kg2 Nc4 35. Kh3 Nxd2 36. Qxd2 Qd4 1/2-1/2

[Event "Niedersachsen-ch Seniors 41st"]
[Site "Sottrum"]
[Date "2007.03.30"]
[Round "9"]
[White "Lippmann, Ulrich"]
[Black "Merettig, Georg"]
[Result "1/2-1/2"]
[WhiteElo "1887"]
[BlackElo "1774"]
[PlyCount "85"]
[EventDate "2007.03.22"]
[EventType "swiss"]
[EventRounds "9"]
[EventCountry "GER"]
[SourceTitle "EXT 2022"]
[Source "ChessBase"]
[SourceDate "2021.10.06"]
[SourceVersion "1"]
[SourceVersionDate "2021.10.06"]
[SourceQuality "1"]

1. Nf3 Nc6 2. d4 e6 3. c4 b6 4. e3 Bb7 5. Be2 f5 6. b3 Nf6 7. 0-0 Ne7 8. Bb2 Ng6 9. Ne5 d6 10. Nxg6 hxg6 11. Nc3 d5 12. Rc1 dxc4 13. Bxc4 Bd6 14. h3 Ng4 15. d5 Qg5 16. f4 Qh4 17. Qe1 Nxe3 18. Rf3 Nxc4 19. bxc4 0-0-0 20. Qxe6+ Kb8 21. Nb5 Bxf4 22. Rcf1 Bd6 23. Nxd6 Rxd6 24. Qf7 Qxc4 25. Rc1 Qxd5 26. Qxc7+ Ka8 27. Qxg7 Re8 28. Rf2 Rde6 29. Rfc2 Re1+ 30. Rxe1 Rxe1+ 31. Kf2 Qxg2+ 32. Kxe1 Qxc2 33. Qg8+ Qc8 34. Qxc8+ Bxc8 35. Bc1 Kb7 36. Ke2 Kc6 37. h4 Kd5 38. Ke3 b5 39. a3 a5 40. Bd2 a4 41. Kf4 Bd7 42. Bb4 Kd4 43. Bd6 1/2-1/2

[Event "Niedersachsen-ch Seniors 41st"]
[Site "Sottrum"]
[Date "2007.03.22"]
[Round "1"]
[White "Ebersbach, Wolrad"]
[Black "Lippmann, Ulrich"]
[Result "0-1"]
[WhiteElo "1739"]
[BlackElo "1887"]
[PlyCount "90"]
[EventDate "2007.03.22"]
[EventType "swiss"]
[EventRounds "9"]
[EventCountry "GER"]
[SourceTitle "EXT 2022"]
[Source "ChessBase"]
[SourceDate "2021.10.06"]
[SourceVersion "1"]
[SourceVersionDate "2021.10.06"]
[SourceQuality "1"]

1. e4 e5 2. Bc4 Nf6 3. d3 Nc6 4. Nf3 d5 5. exd5 Nxd5 6. 0-0 Be7 7. Re1 Nb6 8. Bb5 Bg4 9. Bxc6+ bxc6 10. Rxe5 0-0 11. h3 Be6 12. Nc3 Bd6 13. Re1 Re8 14. Ng5 Bf5 15. Bd2 Be5 16. Qf3 Qd7 17. Re2 h6 18. Nge4 Bxe4 19. Rxe4 Nd5 20. Rc4 f5 21. Rd1 Rab8 22. d4 Bf6 23. Na4 Kh7 24. b3 g6 25. a3 Be7 26. b4 Bd6 27. Nc5 Qc8 28. Re1 Rxe1+ 29. Bxe1 Qe8 30. Bd2 Qf7 31. Qd3 Re8 32. Nb7 Qd7 33. Na5 Qe7 34. Rxc6 Qe2 35. Qxe2 Rxe2 36. Nb3 Nb6 37. c4 Nd7 38. Ra6 Nb8 39. Rxa7 Nc6 40. Kf1 Rxd2 41. Nxd2 Nxa7 42. g3 Kg7 43. c5 Be7 44. a4 Nc6 45. b5 Nxd4 0-1

[Event "Niedersachsen-ch Seniors 40th"]
[Site "Wingst"]
[Date "2006.04.06"]
[Round "3"]
[White "Sarkosch, Nerssi"]
[Black "Lippmann, Ulrich"]
[Result "0-1"]
[WhiteElo "1600"]
[BlackElo "1877"]
[PlyCount "68"]
[EventDate "2006.04.04"]
[EventType "swiss"]
[EventRounds "9"]
[EventCountry "GER"]
[SourceTitle "EXT 2007"]
[Source "ChessBase"]
[SourceDate "2006.11.23"]
[SourceVersion "1"]
[SourceVersionDate "2006.11.23"]
[SourceQuality "1"]

1. c4 e5 2. g3 Nf6 3. Bg2 d5 4. cxd5 Nxd5 5. Nf3 Nc6 6. 0-0 Be7 7. d4 exd4 8. Nxd4 Ndb4 9. Nxc6 Nxc6 10. Nc3 Be6 11. e4 0-0 12. Bf4 f6 13. Rc1 Ne5 14. Nd5 Bd6 15. a3 c6 16. Nc3 Qe7 17. Qc2 Rfd8 18. Rfd1 Qf7 19. Re1 Bb3 20. Qe2 Nd3 21. Bxd6 Nxc1 22. Rxc1 Rxd6 23. e5 fxe5 24. Qxe5 Re6 25. Qd4 Rae8 26. Qd2 Qe7 27. h4 Re1+ 28. Rxe1 Qxe1+ 29. Qxe1 Rxe1+ 30. Kh2 Kf7 31. g4 Bc2 32. Kg3 Ke6 33. f4 Kd6 34. Kf2 Re7 0-1

[Event "Niedersachsen-ch Seniors 39th"]
[Site "Wingst"]
[Date "2005.03.11"]
[Round "9"]
[White "Lippmann, Ulrich"]
[Black "Sarkosch, Nerssi"]
[Result "1-0"]
[WhiteElo "2078"]
[BlackElo "1951"]
[PlyCount "67"]
[EventDate "2005.03.03"]
[EventType "swiss"]
[EventRounds "9"]
[EventCountry "GER"]
[SourceTitle "EXT 2006"]
[Source "ChessBase"]
[SourceDate "2005.11.24"]
[SourceVersion "1"]
[SourceVersionDate "2005.11.24"]
[SourceQuality "1"]

1. b4 g6 2. Bb2 Nf6 3. c4 Bg7 4. e3 d6 5. Nf3 0-0 6. d4 Nbd7 7. Be2 e5 8. 0-0 b6 9. Nc3 Bb7 10. d5 a5 11. a3 Re8 12. Qc2 h6 13. Nd2 Nb8 14. e4 Qd7 15. f4 Ng4 16. Bxg4 Qxg4 17. fxe5 Bxe5 18. Nf3 Bg7 19. Rae1 Nd7 20. h3 Qg3 21. Ne2 Qxe1 22. Rxe1 Bxb2 23. Qxb2 Rxe4 24. Ned4 Rxe1+ 25. Nxe1 Ne5 26. Qc3 axb4 27. axb4 Ba6 28. Nef3 Nxc4 29. b5 Ne5 30. bxa6 Nxf3+ 31. Nxf3 Rxa6 32. Qxc7 Ra1+ 33. Kh2 Rb1 34. Qxd6 1-0

[Event "Niedersachsen-ch Seniors 39th"]
[Site "Wingst"]
[Date "2005.03.08"]
[Round "6"]
[White "Stecklina, Otto"]
[Black "Lippmann, Ulrich"]
[Result "0-1"]
[WhiteElo "1873"]
[BlackElo "2078"]
[PlyCount "100"]
[EventDate "2005.03.03"]
[EventType "swiss"]
[EventRounds "9"]
[EventCountry "GER"]
[SourceTitle "EXT 2006"]
[Source "ChessBase"]
[SourceDate "2005.11.24"]
[SourceVersion "1"]
[SourceVersionDate "2005.11.24"]
[SourceQuality "1"]

1. d4 d5 2. c4 e6 3. Nc3 Nf6 4. Nf3 c6 5. e3 Bd6 6. Be2 Nbd7 7. Qc2 0-0 8. 0-0 dxc4 9. Bxc4 e5 10. Bd3 Qe7 11. Ng5 h6 12. Nf3 Re8 13. Bf5 exd4 14. exd4 Nb6 15. Bxc8 Raxc8 16. Be3 Nbd5 17. Rfe1 Qd7 18. Qd2 Re6 19. Ne5 Bxe5 20. dxe5 Rxe5 21. Nxd5 Rxd5 22. Qc3 Rd3 23. Qc4 b6 24. Qh4 Qg4 25. Qxg4 Nxg4 26. Bf4 Rcd8 27. h3 Nf6 28. a3 Nd5 29. Bg3 c5 30. Rad1 Rxd1 31. Rxd1 f6 32. Bc7 Rd7 33. Bb8 a6 34. f3 Kf7 35. Rd2 Ke8 36. g4 Kd8 37. Bg3 Nc7 38. Re2 Kc8 39. h4 Kb7 40. Kf2 c4 41. Rc2 b5 42. g5 fxg5 43. hxg5 hxg5 44. b3 cxb3 45. Rb2 Rd3 46. Kf1 Ne6 47. Re2 Nf4 48. Re1 b2 49. Rb1 Rxa3 50. Bxf4 Ra1 0-1

[Event "EU-ch Seniors 05th"]
[Site "Bad Homburg"]
[Date "2005.??.??"]
[Round "2"]
[White "Ivanets, Vladimir"]
[Black "Lippmann, Ulrich"]
[Result "1-0"]
[WhiteElo "2290"]
[BlackElo "2078"]
[PlyCount "137"]
[EventDate "2005.06.25"]
[EventType "swiss"]
[EventRounds "9"]
[EventCountry "GER"]
[SourceTitle "EXT 2006"]
[Source "ChessBase"]
[SourceDate "2005.11.24"]
[SourceVersion "1"]
[SourceVersionDate "2005.11.24"]
[SourceQuality "1"]

1. b4 e5 2. Bb2 d6 3. d4 exd4 4. Qxd4 Nf6 5. Nf3 Be7 6. e3 0-0 7. Bd3 d5 8. a3 Re8 9. 0-0 Nbd7 10. c4 c5 11. Qc3 Nb6 12. bxc5 Na4 13. Qc2 Nxb2 14. Qxb2 dxc4 15. Bxc4 Bxc5 16. Nc3 Qe7 17. Ng5 Rf8 18. Qc2 g6 19. Rfe1 b6 20. Nd5 Nxd5 21. Bxd5 Bb7 22. Bxb7 Qxb7 23. a4 Qe7 24. Nf3 Rac8 25. Rec1 Rfd8 26. Qb3 Rc7 27. Rd1 Rcd7 28. Rxd7 Qxd7 29. Kf1 Qd3+ 30. Qxd3 Rxd3 31. Ke2 Rd6 32. Ne5 Rd8 33. Nc6 Rd7 34. Rd1 Rc7 35. Nd4 Be7 36. Nb5 Rb7 37. Rc1 Bc5 38. Nd4 Kg7 39. Kd3 Rd7 40. Rc4 Kf6 41. h4 Bxd4 42. exd4 Ke6 43. g4 Rd5 44. g5 Rf5 45. Ke3 Kd7 46. f4 f6 47. Rc1 Ra5 48. gxf6 Rf5 49. Ke4 Rxf6 50. h5 Re6+ 51. Kf3 Rd6 52. Rd1 Rd5 53. hxg6 hxg6 54. Ke4 Ra5 55. Rg1 Rxa4 56. Rxg6 b5 57. Ke5 b4 58. Rg7+ Ke8 59. Rb7 a5 60. d5 Ra3 61. f5 Re3+ 62. Kd4 Rf3 63. Ke4 Rc3 64. f6 Rc1 65. f7+ Kf8 66. d6 Rd1 67. d7 b3 68. Rb8+ Kxf7 69. d8Q 1-0

[Event "EU-ch Seniors 05th"]
[Site "Bad Homburg"]
[Date "2005.??.??"]
[Round "5"]
[White "Lippmann, Ulrich"]
[Black "Leutz, Hans"]
[Result "1-0"]
[WhiteElo "2078"]
[BlackElo "1849"]
[PlyCount "71"]
[EventDate "2005.06.25"]
[EventType "swiss"]
[EventRounds "9"]
[EventCountry "GER"]
[SourceTitle "EXT 2006"]
[Source "ChessBase"]
[SourceDate "2005.11.24"]
[SourceVersion "1"]
[SourceVersionDate "2005.11.24"]
[SourceQuality "1"]

1. b4 e5 2. Bb2 d6 3. c4 Be7 4. Nf3 Nf6 5. e3 Bg4 6. Be2 Nbd7 7. 0-0 0-0 8. d4 e4 9. Nfd2 Bxe2 10. Qxe2 c6 11. Nc3 d5 12. b5 a6 13. a4 axb5 14. axb5 Qc7 15. Rfc1 Bb4 16. cxd5 Bxc3 17. Bxc3 cxd5 18. Nb3 Rxa1 19. Bxa1 Qb8 20. Bb2 Nb6 21. Ba3 Re8 22. Bb4 Nc4 23. Na5 Nxa5 24. Bxa5 b6 25. Bb4 g6 26. Qc2 Kg7 27. g3 h5 28. Qc7 Qxc7 29. Rxc7 Re6 30. Be7 Ng8 31. Bg5 Nf6 32. Bxf6+ Kxf6 33. Rd7 Kg5 34. Rxf7 Rd6 35. h4+ Kh6 36. Rc7 1-0

[Event "EU-ch Seniors 05th"]
[Site "Bad Homburg"]
[Date "2005.??.??"]
[Round "9"]
[White "Lippmann, Ulrich"]
[Black "Schwabe, Manfred"]
[Result "1-0"]
[WhiteElo "2078"]
[BlackElo "1942"]
[PlyCount "63"]
[EventDate "2005.06.25"]
[EventType "swiss"]
[EventRounds "9"]
[EventCountry "GER"]
[SourceTitle "EXT 2006"]
[Source "ChessBase"]
[SourceDate "2005.11.24"]
[SourceVersion "1"]
[SourceVersionDate "2005.11.24"]
[SourceQuality "1"]

1. b4 d5 2. Bb2 e5 3. Bxe5 Nc6 4. Bb2 Nxb4 5. a3 Nc6 6. Nf3 Nf6 7. e3 a6 8. c4 dxc4 9. Bxc4 Bg4 10. d4 Be7 11. Nc3 0-0 12. 0-0 Na7 13. h3 Bh5 14. Rc1 c6 15. Be2 Nb5 16. Qb3 Rb8 17. Na4 Qd5 18. Qxd5 Nxd5 19. Nc5 Nf6 20. g4 Bg6 21. Ne5 Rfd8 22. Nxg6 hxg6 23. a4 Nc7 24. Rc2 Bxc5 25. Rxc5 Rd5 26. Rfc1 Re8 27. Bf3 Ne4 28. R5c4 f5 29. Rb4 Ra5 30. Rxb7 Nd5 31. Rxc6 Rxa4 32. Rxg6 1-0

[Event "Rhoen/Bad Bocklet Seniors op-A 5th"]
[Site "Bad Bocklet"]
[Date "2004.11.19"]
[Round "2"]
[White "Ljubarskij, Jurij"]
[Black "Lippmann, Ulrich"]
[Result "1-0"]
[WhiteElo "2229"]
[BlackElo "1941"]
[PlyCount "71"]
[EventDate "2004.07.09"]
[EventType "swiss"]
[EventRounds "9"]
[EventCountry "GER"]
[SourceTitle "EXT 2006"]
[Source "ChessBase"]
[SourceDate "2005.11.24"]
[SourceVersion "1"]
[SourceVersionDate "2005.11.24"]
[SourceQuality "1"]

1. e4 e5 2. Nf3 Nc6 3. Bb5 Nf6 4. Qe2 Be7 5. 0-0 0-0 6. Bxc6 dxc6 7. Nxe5 Re8 8. d3 Bd6 9. Nf3 Bg4 10. Bg5 Re5 11. Bf4 Re6 12. Bxd6 cxd6 13. Nbd2 Nh5 14. Qe3 Rg6 15. Ne1 Qh4 16. f4 f5 17. Qf2 Qe7 18. Qe3 Qh4 19. Ndf3 Bxf3 20. Rxf3 Re8 21. e5 dxe5 22. fxe5 f4 23. Qe4 Qe7 24. d4 Qe6 25. Nd3 b6 26. b3 Rg4 27. Raf1 g5 28. c4 Nf6 29. Qe1 Nd7 30. Qd2 Qf5 31. Nf2 Rh4 32. g3 Rh6 33. gxf4 g4 34. Rg3 Rg6 35. Kh1 Rf8 36. Rxg4 1-0

[Event "GER North-ch Seniors 7th"]
[Site "Bad Bevensen"]
[Date "2004.06.20"]
[Round "2"]
[White "Biebinger, Gerhard"]
[Black "Lippmann, Ulrich"]
[Result "1-0"]
[WhiteElo "2330"]
[BlackElo "2064"]
[PlyCount "31"]
[EventDate "2004.06.19"]
[EventType "swiss"]
[EventRounds "9"]
[EventCountry "GER"]
[SourceTitle "EXT 2006"]
[Source "ChessBase"]
[SourceDate "2005.11.24"]
[SourceVersion "1"]
[SourceVersionDate "2005.11.24"]
[SourceQuality "1"]

1. d4 d5 2. Nf3 Nf6 3. c4 e6 4. Nc3 Be7 5. cxd5 exd5 6. Bf4 c6 7. e3 0-0 8. Bd3 Bg4 9. Qc2 Nbd7 10. Ne5 Be6 11. 0-0 h6 12. h3 Rc8 13. Rad1 c5 14. Bf5 Qb6 15. Nxd7 Nxd7 16. Nxd5 1-0

[Event "Niedersachsen-ch Seniors 38th"]
[Site "Wingst"]
[Date "2004.03.22"]
[Round "7"]
[White "Lippmann, Ulrich"]
[Black "Zotin, Vladimir"]
[Result "1-0"]
[WhiteElo "2064"]
[BlackElo "2033"]
[PlyCount "81"]
[EventDate "2004.03.16"]
[EventType "swiss"]
[EventRounds "9"]
[EventCountry "GER"]
[SourceTitle "EXT 2006"]
[Source "ChessBase"]
[SourceDate "2005.11.24"]
[SourceVersion "1"]
[SourceVersionDate "2005.11.24"]
[SourceQuality "1"]

1. b4 e5 2. Bb2 f6 3. b5 d5 4. e3 Bd6 5. Nf3 Bg4 6. Be2 Qd7 7. a4 Qe6 8. 0-0 Bxf3 9. Bxf3 Ne7 10. c4 0-0 11. cxd5 Nxd5 12. Qb3 e4 13. Bxe4 Qxe4 14. Nc3 Qd3 15. Qxd5+ Qxd5 16. Nxd5 Rf7 17. d4 Nd7 18. Rfc1 Nf8 19. Ba3 Bxa3 20. Rxa3 Rc8 21. Rac3 Ne6 22. a5 Rd7 23. Nb4 Ng5 24. a6 bxa6 25. Nxa6 Ne4 26. Rxc7 Rdxc7 27. Rxc7 Rxc7 28. Nxc7 Nc3 29. Kf1 Kf7 30. f3 Ke7 31. Ke1 Kd7 32. Kd2 Nb1+ 33. Kc2 Kxc7 34. Kxb1 Kb6 35. Kb2 Kxb5 36. Kb3 h5 37. e4 h4 38. g3 h3 39. f4 g6 40. e5 f5 41. d5 1-0

[Event "Niedersachsen-ch Seniors 38th"]
[Site "Wingst"]
[Date "2004.03.18"]
[Round "3"]
[White "Lippmann, Ulrich"]
[Black "Bodenstein, Joachim"]
[Result "1/2-1/2"]
[WhiteElo "2064"]
[BlackElo "2008"]
[PlyCount "81"]
[EventDate "2004.03.16"]
[EventType "swiss"]
[EventRounds "9"]
[EventCountry "GER"]
[SourceTitle "EXT 2006"]
[Source "ChessBase"]
[SourceDate "2005.11.24"]
[SourceVersion "1"]
[SourceVersionDate "2005.11.24"]
[SourceQuality "1"]

1. b4 a5 2. b5 Nf6 3. Bb2 e6 4. c4 d5 5. e3 c5 6. Nf3 Nbd7 7. Be2 Nb6 8. cxd5 exd5 9. 0-0 Be7 10. Qc2 Bg4 11. d3 0-0 12. Nbd2 h6 13. a4 Nbd7 14. e4 Nh5 15. Rfe1 Nf4 16. Bd1 Bf6 17. d4 Rc8 18. e5 cxd4 19. Qb1 Be7 20. Bxd4 Bb4 21. Re3 Re8 22. h3 Bxd2 23. Nxd2 Bxd1 24. Qxd1 Ne6 25. Nf3 Rc4 26. Bb2 Ndc5 27. Nd2 Rf4 28. Rf3 Rxf3 29. Nxf3 Ne4 30. Rc1 Qb6 31. Rc2 N6c5 32. Bd4 Qc7 33. Bxc5 Nxc5 34. Qxd5 b6 35. Qc4 Qe7 36. Rd2 Qe6 37. Qxe6 Rxe6 38. Rd4 Nb3 39. Rd8+ Kh7 40. Rd6 Nc5 41. Rd4 1/2-1/2